First County Alphabetically by State - Statistics

General Stats
  • This quiz has been taken 14 times
  • The average score is 29 of 50
Answer Stats
State County % Correct
Idaho Ada
91%
Colorado Adams
82%
Illinois Adams
82%
Indiana Adams
82%
Mississippi Adams
82%
Nebraska Adams
82%
North Dakota Adams
82%
Ohio Adams
82%
Pennsylvania Adams
82%
Washington Adams
82%
Wisconsin Adams
82%
New York Albany
82%
Wyoming Albany
82%
Delaware Kent
73%
South Carolina Abbeville
64%
California Alameda
64%
Kansas Allen
64%
Tennessee Anderson
64%
Texas Anderson
64%
Oregon Baker
64%
Connecticut Fairfield
64%
Hawaii Hawai'i
64%
Iowa Adair
55%
Kentucky Adair
55%
Missouri Adair
55%
Oklahoma Adair
55%
Vermont Addison
55%
Florida Alachua
55%
North Carolina Alamance
55%
Arkansas Arkansas
55%
New Jersey Atlantic
55%
Utah Beaver
55%
New Hampshire Belknap
55%
New Mexico Bernalillo
55%
Rhode Island Bristol
55%
Minnesota Aitkin
45%
Michigan Alcona
45%
Maryland Allegany
45%
Maine Androscoggin
45%
Arizona Apache
45%
Massachusetts Barnstable
45%
Nevada Churchill
45%
Virginia Accomack
36%
South Dakota Aurora
36%
Louisiana Acadia
27%
Alaska Aleutians East
27%
Georgia Appling
27%
Alabama Autauga
27%
West Virginia Barbour
18%
Montana Beaverhead
18%
No matching quizzes found
Score Distribution
Percent of People with Each Score
Percentile by Number Answered
Your Score History
You have not taken this quiz